000 02427nam0a2200373 i 4500
001 RU\NLR\BIBL_A\010671875
005 20260406131346.0
010 _a9785000360521
_9100
021 _aRU
_b2014-94207
_95728
035 _a(NILC)RuMoRGB-007838256
035 _a(NLR Aleph) 010671875
090 _a9609527
_c9609527
100 _a20150212d2014 k y0rusy50 ca
101 0 _arus
102 _aRU
105 _aa|||z|||000yy
200 1 _aМетодика определения величины соразмерной платы за сервитут на земли сельскохозяйственного назначения, выделяемые для обеспечения функционирования магистральных трубопроводов
_eнаучно-методическое пособие
_f[Нижегор. с.-х. акад.
_gТитова Вера Ивановна, д.с.-х.н., проф. и др.]
210 _aНижний Новгород
_cФГБОУ ВПО "Нижегородская государственная сельскохозяйственная академия"
_d2014
215 _a42 с.
_cил.
_d20
320 _aБиблиогр.: с. 41-42 (18 назв.)
606 1 _aСельскохозяйственные земли
_jМетодические пособия
_xОценка
_yРоссийская Федерация
_92188457
_3RU\NLR\AUTH\661315680
606 1 _aСервитутные правоотношения
_jМетодические пособия
_yРоссийская Федерация
_92426536
_3RU\NLR\AUTH\661444634
606 _aТрубопроводный транспорт
_jМетодические пособия
_xТрубопроводы
_xСтроительство
_xЦенообразование
_92275423
_3RU\NLR\AUTH\661363617
686 1 _aУ31(2)537.6-861я7
686 1 _aУ32(2)-517(2Р)я7
686 1 _aХ623.110.3я7
702 1 _4220
_8rus
_7ca
_aТитова
_bВ. И.
_cд-р с.-х. наук
_gВера Ивановна
_3RU\NLR\AUTH\7731204
_914215
712 0 2 _4570
_aНижегородская государственная сельскохозяйственная академия
_3RU\NLR\AUTH\8821812
_9317765
801 0 _aRU
_bРГБ
_c20141215
_gRCR
801 1 _aRU
_bРГБ
_c20141215
_2rusmarc
942 _cBOOK
980 _aNBR